[Event "Hermanos Almejeiras"]
[Site "Las Tunas"]
[Date "2005.10.20"]
[Round "12"]
[White "Corrales Jimenez, Fidel"]
[Black "Roman, Vladimir"]
[Result "1-0"]
[WhiteElo "2470"]
[BlackElo "2266"]
[PlyCount "45"]
[EventDate "2005.10.13"]
[EventType "tourn"]
[EventRounds "14"]
[EventCountry "CUB"]
[EventCategory "5"]
[SourceTitle "EXT 2023"]
[Source "ChessBase"]
[SourceDate "2022.10.05"]
[SourceVersion "1"]
[SourceVersionDate "2022.10.05"]
[SourceQuality "1"]

1. e4 c5 2. Nf3 d6 3. d4 cxd4 4. Nxd4 Nf6 5. f3 e5 6. Nb3 a6 7. c4 Be6 8. Nc3 Nbd7 9. Be3 Qc7 10. Rc1 Rd8 11. Nd5 Qb8 12. Na5 Bxd5 13. cxd5 Rc8 14. Rxc8+ Qxc8 15. Qb3 Nc5 16. Bxc5 Qxc5 17. Nxb7 Qc1+ 18. Kf2 Qd2+ 19. Be2 Qd4+ 20. Qe3 Qxb2 21. Qa7 Qd4+ 22. Qxd4 exd4 23. Bxa6 1-0

[Event "Hermanos Almejeiras"]
[Site "Las Tunas"]
[Date "2005.10.19"]
[Round "11"]
[White "Roman, Vladimir"]
[Black "Fernandez Cardoso, Alexey"]
[Result "1/2-1/2"]
[WhiteElo "2266"]
[BlackElo "2353"]
[PlyCount "38"]
[EventDate "2005.10.13"]
[EventType "tourn"]
[EventRounds "14"]
[EventCountry "CUB"]
[EventCategory "5"]
[SourceTitle "EXT 2023"]
[Source "ChessBase"]
[SourceDate "2022.10.05"]
[SourceVersion "1"]
[SourceVersionDate "2022.10.05"]
[SourceQuality "1"]

1. e4 c5 2. Nf3 Nc6 3. d4 cxd4 4. Nxd4 Nf6 5. Nc3 e5 6. Ndb5 d6 7. Bg5 a6 8. Na3 b5 9. Nd5 Be7 10. Bxf6 Bxf6 11. c3 Bb7 12. Nc2 Ne7 13. Nxf6+ gxf6 14. Bd3 d5 15. Qe2 dxe4 16. Bxe4 Bxe4 17. Qxe4 Qd5 18. Qxd5 Nxd5 19. 0-0-0 0-0-0 1/2-1/2

[Event "Hermanos Almejeiras"]
[Site "Las Tunas"]
[Date "2005.10.15"]
[Round "4"]
[White "Fernandez Cardoso, Alexey"]
[Black "Roman, Vladimir"]
[Result "1/2-1/2"]
[WhiteElo "2353"]
[BlackElo "2266"]
[PlyCount "35"]
[EventDate "2005.10.13"]
[EventType "tourn"]
[EventRounds "14"]
[EventCountry "CUB"]
[EventCategory "5"]
[SourceTitle "EXT 2023"]
[Source "ChessBase"]
[SourceDate "2022.10.05"]
[SourceVersion "1"]
[SourceVersionDate "2022.10.05"]
[SourceQuality "1"]

1. e4 c5 2. Nf3 d6 3. d4 cxd4 4. Nxd4 Nf6 5. Nc3 a6 6. Be3 e5 7. Nb3 Be6 8. f3 Nbd7 9. Qd2 b5 10. Nd5 Bxd5 11. exd5 Nb6 12. Bxb6 Qxb6 13. a4 b4 14. a5 Qb7 15. Bc4 Be7 16. Ra4 Rb8 17. Qd3 0-0 18. 0-0 1/2-1/2

[Event "Hermanos Almejeiras"]
[Site "Las Tunas"]
[Date "2005.10.15"]
[Round "5"]
[White "Roman, Vladimir"]
[Black "Corrales Jimenez, Fidel"]
[Result "1/2-1/2"]
[WhiteElo "2266"]
[BlackElo "2470"]
[PlyCount "33"]
[EventDate "2005.10.13"]
[EventType "tourn"]
[EventRounds "14"]
[EventCountry "CUB"]
[EventCategory "5"]
[SourceTitle "EXT 2023"]
[Source "ChessBase"]
[SourceDate "2022.10.05"]
[SourceVersion "1"]
[SourceVersionDate "2022.10.05"]
[SourceQuality "1"]

1. d4 Nf6 2. c4 g6 3. Nf3 Bg7 4. Nc3 0-0 5. e4 d6 6. Be2 c5 7. dxc5 dxc5 8. Qxd8 Rxd8 9. 0-0 Nc6 10. Be3 Nd4 11. Bxd4 cxd4 12. Rad1 Be6 13. Rxd4 Rxd4 14. Nxd4 Nxe4 15. Nxe6 Nxc3 16. bxc3 fxe6 17. Bf3 1/2-1/2

[Event "Hermanos Almejeiras"]
[Site "Las Tunas"]
[Date "2005.10.14"]
[Round "2"]
[White "Espinosa Veloz, Ermes"]
[Black "Roman, Vladimir"]
[Result "1/2-1/2"]
[WhiteElo "2386"]
[BlackElo "2266"]
[PlyCount "61"]
[EventDate "2005.10.13"]
[EventType "tourn"]
[EventRounds "14"]
[EventCountry "CUB"]
[EventCategory "5"]
[SourceTitle "EXT 2023"]
[Source "ChessBase"]
[SourceDate "2022.10.05"]
[SourceVersion "1"]
[SourceVersionDate "2022.10.05"]
[SourceQuality "1"]

1. e4 c5 2. Nf3 d6 3. Bb5+ Bd7 4. Bxd7+ Nxd7 5. 0-0 Ngf6 6. Re1 e6 7. c3 Be7 8. d4 cxd4 9. cxd4 0-0 10. Nc3 a6 11. a4 h6 12. Qb3 Qc7 13. Be3 Ng4 14. Bf4 Ngf6 15. Rac1 Rab8 16. Nb1 Qd8 17. Nbd2 Nh5 18. Be3 g5 19. e5 d5 20. Nf1 b5 21. Ng3 Nxg3 22. hxg3 Nb6 23. axb5 axb5 24. Qd3 Nc4 25. b3 Nxe3 26. Qxe3 Ra8 27. Rc6 Ra3 28. Qd3 Qa5 29. Rxe6 fxe6 30. Qg6+ Kh8 31. Qxh6+ 1/2-1/2